| 000 | 00355pab a2200145 454500 | ||
|---|---|---|---|
| 008 | 180718b2002 xxu||||| |||| 00| 0 eng d | ||
| 100 | _aRosecrance, Richard N. | ||
| 245 | _aWar and peace (a review article) | ||
| 260 | _c2002 | ||
| 300 | _ap.137-66. | ||
| 362 | _aOct | ||
| 650 | _aInternational relations | ||
| 773 | _aWorld Politics | ||
| 909 | _a55820 | ||
| 999 |
_c55820 _d55820 |
||